000 00801nas a2200241 4500
001 BR8601327
003 BR-BrBNA
005 20231205090356.0
007 ta
008 230509b bl.|||p| |||| 00| 00por d
040 _aBR-BrBNA
_bpor
_cBiblioteca Nacional de Agricultura
041 _a(Pt)
072 _aL02; Q54
100 1 _aAndrade, R.R.N. de
245 1 _aUso de pastos consorciados em condicoes tropicais para obtencao de novilhos precoces
246 1 _aUse of intercropped pastures under tropical conditions for raising precocious calves
650 _aNOVILHO
650 _aPASTAGEM CONSORCIADA
650 _aVALOR NUTRITIVO
773 0 _tCaatinga (Brazil)
_xISSN 0100-316X
_g(1984), v. 4(1-2) p. 33-36
_wBR8601327
909 _a202311
_bLúcia
_c55
_dLúcia Elande
942 _2AGRIS
_n0
_cANA
999 _c117985
_d117985